Les meilleurs milieux offensifs de football du monde - Statistiques

Statistiques générales
  • Ce quiz a été pris 119 fois
  • Le résultat moyen est 11 sur 25
Statistiques - réponses
Rang Championnat Nationalité Joueur % Correct
2 Premier League Belgique Kevin De Bruyne
98%
1 Liga Angleterre Jude Bellingham
96%
5 Premier League Norvège Martin Odegaard
84%
7 Bundesliga Allemagne Jamal Musiala
74%
6 Bundesliga Allemagne Florian Wirtz
72%
9 Premier League Portugal Bruno Fernandes
70%
3 Premier League Angleterre Cole Palmer
69%
4 Premier League Angleterre Phil Foden
60%
8 Premier League Portugal Bernardo Silva
57%
11 Liga Espagne Dani Olmo
50%
12 Bundesliga Pays-Bas Xavi Simons
50%
14 Serie A Argentine Paulo Dybala
44%
23 Liga Maroc Brahim Diaz
37%
13 Premier League Ghana Mohammed Kudus
36%
16 Premier League France Christopher Nkunku
35%
10 Liga Argentine Julian Alvarez
33%
22 Bundesliga Allemagne Thomas Müller
31%
21 Premier League Suède Dejan Kulusevski
24%
25 Premier League Brésil Lucas Paqueta
24%
15 Premier League Angleterre James Maddison
22%
18 Serie A Portugal Joao Félix
14%
17 Bundesliga Allemagne Julian Brandt
12%
19 Premier League Angleterre Eberechi Eze
10%
20 Liga Espagne Isco
8%
24 Premier League Angleterre Morgan Gibbs-White
5%
Aucun quiz correspondant
Distribution des résultats
% des personnes avec chaque résultat
Percentile par nombre de réponses
Votre historique - résultats
Vous n’avez pas pris ce quiz